Habitat fragmentation and movements of three small mammals (<Sigmodon, Microtus, and Peromyscus>) (Registro nro. 10843)

Detalles MARC
000 -CABECERA
Campo de control 007610000a22002290004500
090 ## - CLASIFICACIÓN LOCAL
Colección AR
Consecutivo 01765
041 0# - IDIOMA
Código de idioma para texto/pista de sonido o título separado
100 1# - ASIENTO PRINCIPAL--NOMBRE PERSONAL
Nombre personal Dhfendorfer, James E.
245 10 - MENCION DE TITULO
Título Habitat fragmentation and movements of three small mammals (<Sigmodon, Microtus, and Peromyscus>)
650 14 - ASIENTO SECUNDARIO DE MATERIA - TERMINO TEMATICO
Término temático o nombre geográfico como elemento de entrada Uso del hábitat
650 14 - ASIENTO SECUNDARIO DE MATERIA - TERMINO TEMATICO
Término temático o nombre geográfico como elemento de entrada Fragmentación del hábitat
650 14 - ASIENTO SECUNDARIO DE MATERIA - TERMINO TEMATICO
Término temático o nombre geográfico como elemento de entrada Roedores
650 14 - ASIENTO SECUNDARIO DE MATERIA - TERMINO TEMATICO
Término temático o nombre geográfico como elemento de entrada Etología
651 #4 - ASIENTO SECUNDARIO DE MATERIA - NOMBRE GEOGRAFICO
-- Kansas
-- Estados Unidos
653 ## - TERMINO DE INDIZACION - NO CONTROLADO
-- Sigmodon
-- Sigmodon hispidus
653 ## - TERMINO DE INDIZACION - NO CONTROLADO
-- Peromyscus
-- Peromyscus maniculatus
653 ## - TERMINO DE INDIZACION - NO CONTROLADO
-- Microtus
-- Microtus ochrogaster
700 1# - ASIENTO SECUNDARIO - NOMBRE PERSONAL
Nombre personal Holt, Robert D.
700 1# - ASIENTO SECUNDARIO - NOMBRE PERSONAL
Nombre personal Gaines, Michael S.
773 1# - Item fuente:
Título Ecology
Especificación de materiales 57
Descripción física 3
Paginas del Articulo 827-839
Lugar, editorial y fecha de publicación 1995
Información sobre la relación 76
942 ## - ELEMENTOS ADICIONALES (KOHA)
Tipo de ítem Artículo
Existencias
Withdrawn status Lost status Damaged status No para préstamo Colección Ubicación Permanente Ubicación actual Fecha de adquisición Fuente de Valor Datos de publicación Seriada Total Checkouts Número topográfico Inventario / Código de Barras Date last seen Ejemplar Price effective from Forma de adquisición Tipo de material
      No para Préstamo Hemeroteca Bogotá Bogotá 27/02/2015 Muñoz Saba, Yaneth Fuera de circulación   AR 01765 012127 25/03/2015 1 25/03/2015   Artículo